000 01057nam a22002537a 4500
999 _c7298
_d7298
003 AR-CdUCM
008 190320b ||||| |||| 00| 0 spa d
040 _aMUNICIPALIDAD PROVINCIAL DEL CUSCO
_cBIBLIOTECA MUNICIPAL DEL CUSCO
041 _hger
082 _a330.1 /
_bP29
100 _aPaulsen, Andreas
_919642
245 _aTeoría general de la economía :
_bfundamentos, circulación económica /
260 _aMéxico :
_bEditorial hispano americana,
_c1959.
300 _a159 páginas ;
_c17 cm.
440 _aSección 13 Economía
_n14
_920582
505 _aContenido: Fundamentos -- Formas de ordenación de la economía social -- Producto social e ingreso nacional -- Circulación económica e ingreso nacional -- La corriente circulatoria y la formación de precios -- Necesidades, bienes, utilidades.
650 _aCiencias sociales
_91096
650 _aCiencias economicas
_97537
650 _aProduccion
_91785
650 _aEconomía
_9382
700 _aSanchez Sarto, Manuel (traductor)
_920583
942 _2ddc
_cLIBROS
945 _adavv